000 01087nam a22003137a 4500
001 BR8201399
003 BR-BrBNA
005 20230928091246.0
007 ta
008 230509b bl.||||| |||| 00| 0 por d
040 _aBR-BrBNA
_bpor
_cBiblioteca Nacional de Agricultura
041 _a(Por)
072 _aH60
_b2120
_b3876
090 _ 2120 BR8201399
100 1 _aMiguel, A.E.
110 1 _aUniversidade Federal de Vicosa, MG (Brasil)
_0Tese (Magister Scientiae)
245 1 _aUtilizacao de herbicidas aplicadas em pre e em pos-emergencia na cultura do cafe (Coffea arabica L.)
246 1 _a[Utilization of herbicides used in previous and post-emergence in coffee crop (Coffea arabica L.)]
260 3 _aVicosa, MG (Brasil):
_c1981.
300 _a48 p.
500 _a21 tables; 44 ref.; Summary (Por). (*) Documento disponível na(o) universidade Federal de Vicosa, MG (Brazil)
650 _aErva daninha
650 _aCafe
650 _aHerbicida
650 _aPos-emergencia
650 _aPre-emergencia
909 _a202309
_bLucia
_c55
_dLucia Elande
942 _cBK
999 _c33078
_d33078